Introduction to the Study of the Holy Qur`an. (Record no. 10887)

MARC details
000 -LEADER
fixed length control field 00633nam a2200241 a 4500
020 ## - INTERNATIONAL STANDARD BOOK NUMBER
ISBN
082 00 - DEWEY DECIMAL CLASSIFICATION NUMBER
Classification number 297.122
Author Cutter KAM
100 ## - MAIN ENTRY--AUTHOR NAME
Author name Kaluddin, Khwaja
245 ## - TITLE STATEMENT
Title Introduction to the Study of the Holy Qur`an.
260 ## - PUBLICATION, DISTRIBUTION, ETC. (IMPRINT)
Place of publication Bombay
Name of publisher Darul Ishaat Kutub Khana Islamia
Year of publication 1991
300 ## - PHYSICAL DESCRIPTION
Number of Pages 95p.
500 ## - GENERAL NOTE
General note includes index and biblioraphy
505 2# - FORMATTED CONTENTS NOTE
Formatted contents note vol.Nos. X and XIII only
650 ## - SUBJECT ADDED ENTRY--TOPICAL TERM
Topical Term Quran-Appreciation
942 ## - ADDED ENTRY ELEMENTS (KOHA)
Koha item type Books
700 1# -
-- Kaluddin, Khwaja
Holdings
Collection code Home library Current library Date acquired Cost, normal purchase price Full call number Accession Number Koha item type
  Henry Martyn Institute Library Henry Martyn Institute Library 09/07/2007 100.00 297.122 KAM 015679 Books
                   Copyright © 2026 | Henry Martyn Institute | Hyderabad | TS-500052 | INDIA | Implemented by hmi.edu.in
Hit-Count:

Powered by Koha